00346nam a22001337a 450000500170000000800410001704100130005808200120007110000120008324500230009526000390011830000300015765000250018720240802093154.0240802b |||||||| |||| 00| 0 eng d aEnglish  a349 NAT lEnglish aNatal Law Reports  aPietermaritzburg: bNatal, c1892  bxxxv, 357 pages; c25 cm. aLegal practice bLaw